000 00479nab a2200145Ia 4500
003 ES-SlBCS
005 20210601141905.0
008 140529s1982 xxu||||| |||| 00| 0 spa d
041 _aspa
100 1 _aDisertori, Beppino
_9262240
245 0 0 _aDel finalismo biológico a una metafísica constructiva de la naturaleza
_c Beppino Disertori
650 0 4 _aBiología-Finalismo
_9262241
773 0 _tFolia Humanistica
_gvol. 20, nº. 237, 1982, págs. 579-594
_wRev1220
942 _cAR
999 _c668049
_d668049